000 00265nam a2200109Ia 4500
008 230320s9999||||xx |||||||||||||| ||spa||
082 _a193/W78T
100 _aWittgenstein, Ludwig
245 0 _aTractatus Lógico-Philosophicus
260 _bAlianza
942 _80
_cLIB
999 _c38849
_d38849